000 00617nam a2200205 a 4500
005 20240924070819.0
008 030402s1979 mx r 000 0 spa d
020 _a8426902871
035 _aUPN01000123572
049 _aCG
050 4 _aBF431
_bB8.38
100 1 _aButcher, Harold J.
245 1 3 _aLa inteligencia humana :
_bsu naturaleza y evaluación /
_cHarold J. Butcher ; tr. José A. Forteza, Alicia Pardo.
250 _a2a ed.
260 _aMadrid :
_bMarova,
_c1979.
300 _a411 [5] p.
440 0 _aBiblioteca Marova de estudios del hombre ;
_v23
650 4 _aInteligencia
_9939
905 _aLibro
999 _c95752
_d95752